Famous Mike's - Statistics

General Stats
  • This quiz has been taken 45 times
  • The average score is 6 of 10
Answer Stats
Hint Michael... % Correct
Singer of "Billie Jean" Michael Jackson
98%
American Olympic Swimmer Michael Phelps
91%
Top American Basketball player Michael Jordan
89%
American Vice President under Donald Trump Mike Pence
73%
American Boxer Mike Tyson
70%
German Racecar Driver Michael Schumacher
59%
Author of "Jurrasic Park" Michael Crichton
48%
Singer of many Christmas Song Covers. Michael Buble
41%
Film Director: Directed "Transformers" Michael Bay
34%
Main killer of "Halloween" Michael Meyers
34%
No matching quizzes found
Score Distribution
Percent of People with Each Score
Percentile by Number Answered
Your Score History
You have not taken this quiz